00489nam a2200169Ia 4500008004100000041001200041082001200053100004500065245005000110365000800160520001300168546001200181630005000193650001300243655001300256730005000269101110s9999 xx 000 0 und d aENGLISH bSR23860 aAjgaonkar Maheshwari and Pathak Anuradha aBusiness Systems And The Society-(F.Y.B.COM.) b100 aCommerce aENGLISH aBusiness Systems And The Society-(F.Y.B.COM.) aCommerce aCommerce aBusiness Systems And The Society-(F.Y.B.COM.)